Statistics for German Football Clubs 2018-2019 (from Bundesliga to 3. Liga)

Click here to take the quiz!

General Stats

  • This quiz has been taken 294 times
  • The average score is 39 of 56

Answer Stats

Answer% Correct
BundesligaBayern München
100%
BundesligaBorussia Dortmund
98%
2. Bundesliga1. FC Köln
95%
2. BundesligaHamburger SV
95%
BundesligaRB Leipzig
95%
BundesligaSchalke
95%
BundesligaHertha BSC
93%
BundesligaWerder Bremen
93%
BundesligaEintracht Frankfurt
92%
2. BundesligaUnion Berlin
92%
BundesligaVfB Stuttgart
92%
BundesligaWolfsburg
92%
BundesligaBorussia Mönchengladbach
91%
BundesligaBayer Leverkusen
89%
BundesligaFreiburg
89%
BundesligaHoffenheim
89%
BundesligaAugsburg
87%
BundesligaHannover
85%
BundesligaFortuna Düsseldorf
84%
BundesligaMainz
84%
2. BundesligaDynamo Dresden
82%
BundesligaNürnberg
82%
2. BundesligaBochum
77%
3. LigaKaiserslautern
77%
3. Liga1860 München
76%
2. BundesligaArminia Bielefeld
76%
2. BundesligaGreuther Fürth
76%
2. BundesligaPaderborn
76%
2. BundesligaIngolstadt
75%
2. BundesligaDarmstadt
73%
3. LigaHansa Rostock
73%
2. BundesligaSt. Pauli
73%
2. BundesligaHolstein Kiel
71%
3. LigaBraunschweig
68%
2. BundesligaMagdeburg
65%
3. LigaKarlsruher SC
64%
2. BundesligaMSV Duisburg
63%
3. LigaOsnabrück
59%
2. BundesligaErzgebirge Aue
58%
2. BundesligaHeidenheim
57%
2. BundesligaSandhausen
57%
2. BundesligaJahn Regensburg
55%
3. LigaPreußen Münster
50%
3. LigaCarl Zeiss Jena
49%
3. LigaWehen Wiesbaden
48%
3. LigaEnergie Cottbus
47%
3. LigaWürzburger Kickers
43%
3. LigaMeppen
42%
3. LigaZwickau
39%
3. LigaUerdingen
36%
3. LigaUnterhaching
36%
3. LigaHallescher
34%
3. LigaFortuna Köln
33%
3. LigaAalen
32%
3. LigaSonnenhof Großaspach
27%
3. LigaSportfreunde Lotte
21%

Score Distribution

Percentile by Number Answered

Percent of People with Each Score

Your Score History

You have not taken this quiz